[Event "Eliteserien 2009-2010"]
[Site "Oslo"]
[Date "2009.11.07"]
[Round "2.4"]
[White "Moen, Andreas"]
[Black "Lundeby, Øyvind Andersen"]
[Result "1-0"]
[WhiteElo "2315"]
[BlackElo "2212"]
[Annotator "Axel Smith"]
[PlyCount "129"]
[EventDate "2009.??.??"]
[WhiteTeam "OSS"]
[BlackTeam "Kristiansund"]

1. e4 e6 2. d4 d5 3. Nd2 Nf6 4. e5 Nfd7 5. Bd3 c5 6. c3 Nc6 7. Ne2 cxd4 8. cxd4
f6 9. exf6 Qxf6 $5 {Ovanlig variant, men lurig.} 10. Nf3 h6 11. O-O Bd6 12. Nc3
O-O 13. Be3 Rd8 14. Rc1 Nf8 {Svart har övergett den öppna f-linjen men har nu
försvarat vitfältssvagheterna på kungsflygeln. Planen är bara Ld7-e8-h5 nu, en
standardmanöver för vitfältaren i franskt.} 15. g3 Bd7 16. Nh4 {Nu kan löparen
inte längre gå till h5. Öyvind ger den snabbt den möjligheten igen.} Bc7 17.
Bb1 Bb6 18. Ne2 (18. Na4 $1 {Var en bra taktisk variant.} Bxd4 19. Rxc6 Bxc6 (
19... Bxe3 20. fxe3 {vinner pjäs för vit}) 20. Bxd4 {Med torn och bonde för
två pjäser. Även om svarts centrum ser fint ut lär detta vara klart bättre för
vit.}) 18... Be8 19. f4 Bh5 20. Nf3 Bxf3 21. Rxf3 e5 $1 22. Kg2 $2 (22. Rxc6 {
måste vit spela, men nu har svart en kvalitet för bonde}) 22... e4 23. Rf1 Ne6
{Bonden faller} 24. Qd2 Nexd4 25. Bxd4 Nxd4 26. Nxd4 Qxd4 27. Qxd4 Bxd4 28.
Rfd1 Bxb2 29. Rc5 e3 30. Kf3 d4 31. Rb5 Bc3 32. Rxb7 Rdb8 (32... Rab8 $1 {
alltid lika viktig minitaktik som kan ge avgörande tempon. Tornet vill inte
lämna d8, så fungerar det ska man ta andra tornet.} 33. Rxa7 (33. Be4 Rxb7 34.
Bxb7 Bd2 {vinner}) 33... Rb2 {vinner}) 33. Be4 Rxb7 34. Bxb7 Rb8 35. Rb1 {
Svart har en solid merbonde, men olikfärgade löpare gör att tornbyte är remi.
Nu spelar Öyvind naturligtvis på vinst men tillåter gradvis vit mer och mer
spel. Troligen finns det inte längre någon vinst.} Kf8 36. Ke2 Rd8 37. Ba6 Rd6
38. Rb8+ Ke7 39. Rb7+ Kf6 40. Bc4 Rc6 41. Rf7+ Kg6 42. f5+ Kh7 43. Bd3 Kg8 44.
Rxa7 Bb4 45. Rd7 Bc3 46. g4 Kf8 47. Rb7 Ba5 48. h4 Rb6 49. Rxb6 Bxb6 50. Kf3 {
Vit har en fribonde på varje sida, vilket gör detta lite svårt.} Bd8 51. h5 Ke7
52. Ke4 Kd6 $2 (52... Bb6 {Det känns som om bönderna ändå kan vara bra att ha..
. Antingen kan man kanske offra löparen i något läge och gå i dam med bönderna,
eller offra en bonde för att tvinga vits löpare att flytta. Öyvind var
antagligen rädd för.} 53. Kd5 Kf6 54. Kc6 Ba7 55. a4 {men} Kg5 56. Be2 d3 {
Där fick svart god användning för sin bonde.}) 53. Kxd4 {Nu tror jag svart
förlorar. Vit spelar Le2 och går med a-bonden. Om svart offrar på a-bonden och
försöker komma åt löparen med Kf4-g3-f2 kan vit offra med 1.g5 hxg5 2.f6 gxf6
3.h6 och gå i dam.} Bb6+ 54. Kc4 e2 55. Bxe2 Be3 56. Bf3 Bd2 57. a4 Kc7 58. Kd5
Kd7 59. Be2 Bc3 60. Bb5+ Ke7 61. Kc6 Kd8 62. Kd6 Bd2 63. Ke6 Kc7 64. Kf7 Bc3
65. Kg6 {g5 kommer, och vit får så småningom ytterligare en fribonde. Det som
avgör är att vits löpare är av rätt färg, dvs a-bonde och löpare vinner.} 1-0

[Event "Eliteserien 2009-2010"]
[Site "Oslo"]
[Date "2009.11.07"]
[Round "2.5"]
[White "Kvisvik, Brede"]
[Black "Trygstad, Kristian"]
[Result "1/2-1/2"]
[WhiteElo "2112"]
[BlackElo "2295"]
[Annotator "Axel Smith"]
[PlyCount "60"]
[EventDate "2009.??.??"]
[WhiteTeam "Kristiansund"]
[BlackTeam "OSS"]

1. e4 c5 2. Nf3 e6 3. d4 cxd4 4. Nxd4 a6 5. Bd3 Qc7 6. O-O Nc6 {
Trygstad anade prepp och avvek från sin normala repertoir här.} 7. Nf3 $6 (7.
Nxc6 {är normalt}) 7... Nf6 8. Qe2 Ng4 {Nu har svart ett obehagligt hot...} 9.
g3 (9. h3 Nd4 $1 {och vit förlorar damen eller blir matt}) 9... Bc5 10. Kg2 d6
11. Nbd2 b5 $6 {försvagande} 12. a4 bxa4 13. Rxa4 a5 {Det är inte lätt för vit
att utnyttja att svart inte rockerat. Brede gör ett bra försök.} 14. Nb3 Bb6
15. Nfd4 Nge5 16. Bb5 Bd7 17. f4 Nxd4 18. Nxd4 Nc6 19. Nxc6 Bxc6 20. Bxc6+ Qxc6
21. Rc4 Qb7 22. Rd1 Rd8 23. Rc3 (23. f5 $5 {anger Rybka} exf5 24. Qf3 {
och nu ska svart inte ta på e4....} O-O 25. exf5) 23... O-O 24. Rcd3 Qc6 25.
Kh3 d5 26. e5 f5 27. b3 a4 28. Ba3 Rfe8 29. bxa4 Qxa4 30. Rb1 Qc6 {
Vit har en vag bonde på c2 men b-linjen och aktivare torn. Ställningen är jämn.
} 1/2-1/2

[Event "Eliteserien 2009-2010"]
[Site "Oslo"]
[Date "2009.11.07"]
[Round "2.6"]
[White "Getz, Nicolai"]
[Black "Glenne, Bjørn-Erik"]
[Result "1-0"]
[WhiteElo "2268"]
[BlackElo "2201"]
[Annotator "Axel Smith"]
[PlyCount "47"]
[EventDate "2009.??.??"]
[WhiteTeam "OSS"]
[BlackTeam "Kristiansund"]

1. e4 c6 2. d3 {KIA spelas sällan mot Caro-Kann, eftersom svart kan sätta upp
ett centrum snabbt med d5 och e5 (båda i ett drag).} d5 3. Nd2 g6 4. Ngf3 Bg7
5. g3 Nf6 (5... e5 $5) 6. Bg2 O-O 7. O-O Na6 8. Re1 dxe4 9. dxe4 Nc5 10. e5 Nd5
11. a3 a5 12. Nc4 Qc7 13. Bd2 Ne6 {Här ser svarts ställning okej ut, med bra
springare. Vit har lite terräng så svart vill gärna byta pjäser. Att byta
tornen på d-linjen vore t.ex. utmärkt.} 14. Qe2 b6 15. Qe4 Bd7 $6 {
känns lite inkonsekvent, varför inte Lb7 som lämnar d-linjen öppen?} 16. Rad1 {
Vit har någon angreppsidé med Dh4, Lh6, Lh3, Lxe6 och Sg5 men det är ju ganska
många drag.} f5 $6 {
Troligen för att Björn-Erik var rädd för ovan nämnda angreppsidé.} 17. exf6
exf6 18. Ne3 $1 {Öppnar diagonalen för löparen på g2.} Nxe3 19. Bxe3 {
Nu har ställningen öppnats INNAN svarts hunnit centralisera tornen. Vits
löpare ser också obehagliga ut.} Rfe8 20. Qc4 Kh8 $2 (20... b5 {var enda draget
}) 21. Bxb6 Qxb6 22. Rxd7 Nf8 23. Rxe8 Rxe8 24. Qf7 {Att ge upp efter en
bondeförlust verkar lite tidigt, men visst står vit på vinst.} 1-0

[Event "Eliteserien 2009-2010"]
[Site "Oslo"]
[Date "2009.11.08"]
[Round "3.1"]
[White "Tisdall, Jonathan"]
[Black "Grandelius, Nils"]
[Result "1/2-1/2"]
[WhiteElo "2426"]
[BlackElo "2540"]
[Annotator "Axel Smith"]
[PlyCount "49"]
[EventDate "2009.??.??"]
[WhiteTeam "Asker"]
[BlackTeam "Kristiansund"]

1. Nf3 Nf6 2. c4 e6 3. Nc3 d5 4. d4 dxc4 5. e3 a6 6. a4 c5 7. Bxc4 Nc6 8. O-O
Be7 9. Qe2 cxd4 10. Rd1 O-O (10... e5 {Baryshpolets-Grandelius 1/2-1/2}) 11.
exd4 Nb4 12. Ne5 Bd7 13. Bg5 Rc8 14. Bb3 {Lite ovanligt.} Nfd5 $6 {
Vit kan nu forcera remi.} (14... Re8 {Om svart vill spela vidare.}) 15. Nxd5
Nxd5 16. Bxd5 exd5 17. Nxd7 Re8 18. Bxe7 Qxd7 19. Re1 Rc7 20. Qf3 Rxe7 21. Rxe7
Qxe7 22. Qxd5 Rc2 23. b3 g6 24. h3 Rd2 25. Qe5 1/2-1/2

[Event "Eliteserien 2009-2010"]
[Site"Oslo"]
[Date "2009.11.08"]
[Round "3.2"]
[White "Smith, Axel"]
[Black "Lovik, Lasse"]
[Result "1-0"]
[WhiteElo "2414"]
[BlackElo "2379"]
[Annotator "Axel Smith"]
[PlyCount "93"]
[EventDate "2009.??.??"]

1. Nf3 d5 2. g3 Nf6 3. Bg2 e6 4. d4 (4. O-O Bd6 $2 {
var Lenderman-Lovik, JVM 2009}) 4... Be7 5. c4 dxc4 6. O-O O-O 7. Qc2 a6 8.
Qxc4 b5 9. Qc2 Bb7 10. Bd2 Be4 11. Qc1 Qc8 (11... Bb7 {är normalt. Nu tänkte
jag ta en dragupprepning för att undvika tidsnöd och sedan spela vidare}) 12.
Bg5 Nbd7 (12... c5 13. dxc5 Qxc5 14. Qxc5 Bxc5 15. Nbd2 Bb7 16. Rfc1 $14 {
Lxf6, a4, Se5. Lite press.}) 13. Nbd2 (13. Qf4 {Kramnik}) 13... Bb7 14. Nb3 Bd5
$2 (14... c5 {måste svart spela, så här ska man lägga mycket tid för att få
taktiken att fungera}) 15. Ne5 {Nu är vit på väg att inta c6-fältet.} Bxg2 (
15... Qb7 16. Na5 $18) 16. Kxg2 Nxe5 (16... Qb7+ 17. Qc6 $16) 17. dxe5 Nd5 18.
Bxe7 Nxe7 19. Qc5 Qd7 $6 20. Rac1 $1 Qd5+ 21. e4 $1 {
En liten kombination som stärker vits press.} Qxc5 (21... Qxe4+ 22. f3 Qe2+ 23.
Rf2 {vinner pjäs}) 22. Rxc5 c6 23. Rd1 $1 {Hellre fortsatt press än en bonde.}
(23. Na5 Rad8 $1 24. Nxc6 Nxc6 25. Rxc6 Rd2 26. Rxa6 Rxb2 {
väldigt goda remichanser}) 23... Rfc8 24. Na5 (24. Rd7 Kf8 25. Na5 Ke8 26. Rd6
Ra7 27. Nxc6 Rd7 $1 $19 {vinner pjäs för svart}) 24... Rc7 25. Rd6 Rac8 {
En ganska behaglig ställning för vit. Hur kommer man nu vidare? f4 + g4 hotar
f5, och om svart stoppar det med ...g6 kan man börja slinka in med kungen. Gör
han sedan ...h6 kan man öppna ställningen med h4-h5. Den planen känns dock
inte helt klar, och framförallt hotar svart att ganska snabbt komma ut med
Kf8-e8, Td7 och Tcd8. Vit ska istället vinna med Kd4, Tc3 och Kc5. Därefter är
det ganska enkelt.} 26. b4 $5 {Jag ville undvika befrielseförsök med . ..b4}
Kf8 27. Kf3 (27. f4 $2 {är nyttigt, men för långsamt här}) 27... Ke8 28. Ke3
Rd7 29. Rc3 $1 {Svart får inte befria sig.} Rcd8 (29... Rdc7 30. Kd4 $18) 30.
Rcd3 {Hotar Sb7 med vinst.} Nc8 31. Rxd7 Rxd7 32. Nxc6 Nb6 (32... Rc7 33. Rd8#)
33. Rxd7 Nxd7 34. Kd4 {Svart har förlorat bonde, men inte kommit ur greppet.}
g5 35. h3 h5 36. Kd3 Kf8 37. Kd4 Ke8 38. Na5 {På väg mot c5.} h4 {Hotar ...g4!}
39. gxh4 gxh4 40. Nb3 Nb8 41. Kc5 Nd7+ 42. Kd4 Nb8 43. f4 Nc6+ (43... Kd7 44.
Ke3 Nc6 45. a3 Ne7 46. Kf3 Kc6 47. Kg4 Ng6 48. Nc5 a5 49. Nd3 {
tänkte jag spela, följt av f5}) 44. Kc5 Ne7 45. Nd4 Ng6 46. Ne2 Kd7 47. Kb6 1-0

[Event "Eliteserien 2009-2010"]
[Site "Oslo"]
[Date "2009.11.08"]
[Round "3.3"]
[White "Ekeberg, Carl Fr"]
[Black "Arvola, Benjamin"]
[Result "1-0"]
[WhiteElo "2305"]
[BlackElo "2207"]
[Annotator "Axel Smith"]
[PlyCount "85"]
[EventDate "2009.??.??"]
[WhiteTeam "Asker"]
[BlackTeam "Kristiansund"]

1. Nf3 e6 2. c4 f5 3. g3 Nf6 4. Bg2 d5 5. O-O Bd6 6. d3 {Jag gillar idén med
att spela utan d4 mot Stonewall. Svart vill ofta spela på angrepp med Se4 +
Tf6 eller g5, men nu kommer det aldrig gå. Vit kan istället försöka ta terräng
på damflygeln. Det finns ett gammalt parti mellan Kasparov och Short som vit
vann instruktivt. Man vet aldrig när f5 kan ge någon försvagning på diagonalen
g8-a2 eller på sjunde raden i t.ex. tornslutspel.} O-O 7. Nc3 c5 $2 {
Sätter bort bonde, lite oförsiktigt spelat...} 8. cxd5 exd5 9. Qb3 Kh8 (9...
Qe7 10. Bg5 {gör vits fördel ännu större} (10. Nxd5 Nxd5 11. Qxd5+ Be6 {
fångar damen, vilket Benjamin funderade på att försöka få in})) 10. Nxd5 Nc6
11. Nf4 Qe7 12. Re1 Bd7 {När man står dåligt måste man chansa lite på att
motståndaren inte vill spela de mest kritiska varianterna. Det känns helt rätt
att offra även b7-bonden här, och som väntat tar vit inte den.} 13. Bd2 Rae8
14. Bc3 Bxf4 15. gxf4 Be6 16. Qc2 Nd5 17. Qd2 Bg8 18. e3 Rd8 19. a3 c4 20. Bd4
(20. dxc4 $1 Nxf4 21. exf4 $1 {vinner för vit}) 20... Qd6 21. Be5 (21. dxc4
Nxf4 22. c5 Qd7 23. exf4 Nxd4 24. Qxd4 Qxd4 25. Nxd4 Rxd4 26. Re7 {
och c-bonden avgör snart}) 21... Qh6 22. dxc4 Nxe5 23. cxd5 Ng4 24. h3 Bxd5 25.
Qe2 Nf6 26. Rad1 Ne4 27. Kh2 Nc5 28. Ng5 Bb3 29. Rxd8 Rxd8 30. Qb5 Qb6 31. Qxb6
axb6 32. Nf3 Nd3 (32... Kg8 {är det sega försvaret}) 33. Re2 Nc5 34. Rd2 Rd3
35. Kg1 g6 36. Rxd3 Nxd3 37. Nd4 Bd1 38. b4 Nb2 39. Bxb7 Nc4 40. Nb5 Kg7 41.
Nc3 Be2 42. a4 Bd3 43. Bd5 1-0

[Event "Eliteserien 2009-2010"]
[Site "Oslo"]
[Date "2009.11.08"]
[Round "3.4"]
[White "Lundeby, Øyvind Andersen"]
[Black "Grotnes, Nils R"]
[Result "0-1"]
[WhiteElo "2212"]
[BlackElo "2221"]
[Annotator "Axel Smith"]
[PlyCount "106"]
[EventDate "2009.??.??"]
[WhiteTeam "Kristiansund"]
[BlackTeam "Asker"]

1. d4 d5 2. c4 c6 3. Nf3 Nf6 4. e3 e6 {Att spela semislaviskt är inte lika bra
när vit inte gjort Sc3. Svart kan inte göra dxc4 följt av b5-b4 med hot på
springaren då.} (4... Bf5 {Är vanligast}) 5. Nbd2 Be7 6. Bd3 O-O 7. O-O c5 $5 {
Utmanande, men det finns en klar poäng. Med springaren på d2 har vit ingen
press på d5 och svart kan därför ta på sig en isolani utan att den riskerar
att bli svag.} 8. b3 cxd4 9. exd4 Nc6 10. Bb2 Nd7 $6 {Det måste naturligtvis
finnas nån poäng med detta drag men jag vägrar tro att det är rätt.} (10... b6
{osv, med liten fördel vit}) 11. cxd5 {
Finns en logik att ta på d5 nu, när exd5 inte öppnar för svarts löpare.} exd5
12. Re1 Qb6 13. Nf1 Rd8 14. Ng3 g6 15. Rc1 Bf6 16. Bb1 Nf8 17. Ne5 Be6 18. Qd2
{Nånstans häromkring avslog Öyvind ett remianbud.} Nd7 19. Kh1 Ndxe5 20. dxe5
Be7 21. Nh5 $1 {vackert} Kh8 (21... gxh5 22. Qh6 {Mattar}) 22. Nf6 Kg7 {
Springaren står fint, men hur fortsätter vit nu angreppet? Man vill gärna få
in svartfältaren mot h6.} 23. f4 (23. Rxc6 {Vill man få att fungera.} bxc6 24.
Bc1 Kh8 25. Qh6 Bxf6 26. exf6 Rg8 27. Re5 {Hotar Dxh7+ med matt.} (27. Re3 Qd4
{och då svart både hotar plaskmatt och Dxf6 klarar han sig}) 27... Bg4 {
Enda draget, men nu verkar svart klara sig.}) (23. Rcd1 $1 {
Undviker framtida tornbyten, förbereder Lc1 och fungerar taktiskt.} Bb4 24. Qf4
Bxe1 25. Bc1 {Med vinst.}) 23... Bb4 24. Bc3 d4 25. Bxb4 Qxb4 26. Qf2 $6 {
Fortsätter att spela på angrepp, fastän det inte är farligt längre. Nu blir
svarts fribonde jobbig.} d3 27. Rcd1 Rd4 28. g3 Rad8 29. Rd2 h5 30. Red1 Qc3
31. Qe3 Nb4 32. Kg1 Nc2 33. Qf3 Bf5 34. Kf2 Qc5 35. Kg2 Bg4 36. Nxg4 hxg4 37.
Qf2 Qd5+ 38. Kg1 Qe4 39. Rc1 b6 40. Rf1 Na3 41. Re1 Nxb1 42. Rxb1 (42. Rxe4
Rxe4 {är inte att tänka på, fribonden kommer snart att kosta ett torn}) 42...
R4d5 43. Re1 Qf5 44. Qe3 Rc8 45. Red1 Rc3 46. h3 {
Ett sista vinstförsök, då Brede inte lyckades vinna.} gxh3 47. Qf3 $2 {
bortsättning} Rxe5 48. Rxd3 Re1+ 49. Rxe1 Rxd3 50. Qf2 Qd5 51. Kh2 Rd2 52. Re2
Rd1 53. Kxh3 Rh1+ 0-1

[Event "Eliteserien 2009-2010"]
[Site "Oslo"]
[Date "2009.11.08"]
[Round "3.5"]
[White "Hammerstad, Åsmund"]
[Black "Kvisvik, Brede"]
[Result "1/2-1/2"]
[WhiteElo "2208"]
[BlackElo "2112"]
[Annotator "Axel Smith"]
[PlyCount "108"]
[EventDate "2009.??.??"]
[WhiteTeam "Asker"]
[BlackTeam "Kristiansund"]

1. d4 Nf6 2. Nf3 g6 3. c4 Bg7 4. Nc3 O-O 5. e4 d6 6. Be2 e5 7. Be3 {
Spelat en gång tidigare av Hammerstad.} Ng4 8. Bg5 f6 9. Bc1 f5 10. dxe5 (10.
h3 Nxf2 $3 {Kände båda spelarna till.} 11. Kxf2 fxe4 12. Nxe4 Qh4+ 13. Ke3 Bh6+
14. Kd3 Qxe4+ 15. Kxe4 Bf5+ 16. Kd5 c6+ 17. Kxd6 Rf6+ 18. Kc7 Rf7+ 19. Kd6 Bg7
{med Td7+ i nästa drag och snar matt.}) 10... Nxe5 11. exf5 Bxf5 {Brede har kom
mit fint ur öppningen och har nu enkelt att utveckla resterande pjäser.} 12.
O-O Nbc6 13. Be3 Qd7 14. Nd4 Nxd4 15. Bxd4 Rae8 16. Qd2 Qf7 17. b3 a6 {
Alltid nyttigt att ta bort Lxa7 och Sb5 permanent.} 18. Rad1 h5 $5 {Svart har b
ra kontroll på ställningen, så detta är inte direkt någon försvagning.} 19. Nd5
Kh7 20. Qb2 $2 {Tappar tid.} c5 $1 {En vanlig plan i accelererad drake.} 21.
Bc3 Nc6 22. Bxg7 {Vit tappar lite tid genom att genomföra bytena direkt.} (22.
Bd3) 22... Qxg7 23. Qxg7+ Kxg7 24. Ne3 {Vit bjöd remi, men Brede stod lite
bättre och läget i matchen såg inte så bra ut.} Nd4 25. Bd3 Bxd3 26. Rxd3 b5 $1
{Detta break leder till tre möjliga förändringar i bondestrukturen. i) cxb5
axb5, vilket ger svart press längs a-linjen och fribonde; ii) bxc4 bxc4,
vilket ger svart möjlighet att infiltrera på b-linjen; iii) bxc4 Sxc4, vilket
ger svart en fribonde i centrum} 27. Rd2 bxc4 28. Nxc4 Re2 $1 {Starkt.} 29. f3
d5 30. Rxe2 Nxe2+ 31. Kf2 Nf4 (31... Nc3 {Var Åsmund mer rädd för.}) 32. Nd6
Rd8 33. g3 (33. Nb7 Re8 34. Kg3 g5 35. h4 Kg6 36. hxg5 Kxg5 {
Och svart har farligt angrepp.}) 33... Rxd6 34. gxf4 Kf6 35. Re1 (35. Rc1 {
sparar tempo}) 35... Kf5 36. Rc1 Kxf4 (36... Rc6 37. Rd1 d4 38. b4 cxb4 39.
Rxd4 a5 $5 {Svart vill spela Tc5-b5, a4 och b3 och binda upp vits torn.}) 37.
Rxc5 g5 38. Rc8 Rf6 39. Rc5 Rd6 40. Rc8 Rf6 41. Rc5 Ke5 $1 42. Ke3 Rf4 43. Ra5
$2 Rh4 44. Rxa6 Rxh2 {Vits två förbundna fribönder går forcerat i dam med
hjälp av tornet, men man ska komma ihåg att det inte går snabbt. Därför kan en
längre framskriden fribonde ofta vara farligare. Brede har nu två fribönder
och har kommit lite längre fram.} 45. b4 h4 46. a4 Rb2 47. b5 Rb3+ 48. Ke2 (48.
Kf2 d4) 48... Kd4 $6 {Bromsar d-bondens framfart.} (48... h3 $1 {
Nu sätter svart enkelt högsta fart på båda bönderna, vilket troligen ger vinst.
}) 49. Rg6 Rb2+ 50. Kf1 h3 $2 {Hotar Tb1+ med vinst.} (50... Ke3 {
tänkte Brede spela, men bedömde därefter h3 som ännu starkare} 51. Rxg5 d4 52.
Re5+ Kxf3 53. Rf5+ Ke4 54. Rh5 d3 55. Rxh4+ Ke3 {
Svart har bara en bonde kvar, men det är bara två steg till dam.} 56. Rh3+ Kd4
{Nu kommer antingen Tb1+ följt av d2, eller Kc3-c2 och d2-d1D. Svart vinner.})
51. Kg1 $1 Rg2+ $2 (51... Ke3 {ger fortfarande vinstchanser}) 52. Kh1 Kc5 $6 {
Nu bjöd Brede remi.} (52... Ke3 53. b6 Kf2 54. b7 Rg1+ 55. Kh2 Rg2+ 56. Kxh3
Rg3+ {Med remischackar.}) 53. Rc6+ Kb4 54. b6 Ka5 (54... Kxa4 55. b7 Rb2 56.
Ra6+ {var misstaget vit hoppades på.}) (54... Ka5 55. b7 {
Jag tycker gott vit kunde spelat vidare här.} Rb2 56. Rc5+ Kxa4 57. Rxd5 Rxb7
58. Rxg5 {Vit vinner bonden på h3 nu. Svart måste försöka komma hem med kungen.
Vit kan ju inte förlora, så varför inte testa.}) 1/2-1/2

[Event "Eliteserien 2009-2010"]
[Site "Oslo"]
[Date "2009.11.08"]
[Round "3.6"]
[White "Glenne, Bjørn-Erik"]
[Black "Diesen, Bruce"]
[Result "0-1"]
[WhiteElo "2201"]
[BlackElo "2163"]
[Annotator "Axel Smith"]
[PlyCount "76"]
[EventDate "2009.??.??"]
[WhiteTeam "Kristiansund"]
[BlackTeam "Asker"]

1. d4 Nf6 2. c4 e6 3. Nc3 Bb4 4. Qc2 O-O 5. a3 Bxc3+ 6. Qxc3 b6 7. Nf3 Bb7 8.
e3 d6 9. Be2 Ne4 10. Qc2 Nd7 11. O-O f5 {Om jag inte minns fel har Kasparov
skrivit om denna typställning i sin bok Opening Revolution in the 70s. Svart
vill angripa på kungsflygeln. Om angreppet är farligt är svarts öppningsval
genialt, men annars är det för primitivt. Men ingen kan svara på frågan om
angreppet verkligen är farligt.} 12. Ne1 (12. b4 Rf6 13. d5 {ger öppningsboken}
) 12... Qh4 13. f3 Ng5 14. Bd3 Rf6 15. e4 $6 {gör att vit inte har så mycket
att spela på senare. Tidigare kunde man försöka underminera f5-bonden med d5.}
f4 16. Qf2 Qh5 $1 {Självklart behåller svart damerna.} 17. Kh1 Raf8 18. b4 e5
19. Bb2 Rh6 20. Qg1 (20. h3 Nxh3 {vet man hur det slutar}) 20... Rff6 $1 {
Hotet Tfg6 är hemskt.} 21. c5 Qe8 $4 {Förstör allt svart byggt upp.} (21...
Rfg6 {var ju hela tiden svarts idé. Vit kan inte försvara sig mot Sh3.}) 22.
Rc1 dxc5 23. bxc5 Rfg6 24. dxe5 Nxc5 25. Bc4+ Kh8 26. Nd3 (26. Qd4 {
med planen Td1 och Dd8, för att inte bli matt}) 26... Ncxe4 $1 27. fxe4 Nxe4
28. Rf3 Ng3+ 29. Rxg3 fxg3 30. Nf4 Rg4 31. Qe3 Rxh2+ 32. Kg1 Rhh4 $2 (32... Qe7
{hotar Th1+, och mot det finns inget försvar}) 33. Rf1 h6 34. e6 Rh2 (34... Qe7
{vinner fortfarande}) 35. e7 {men nu kommer svart inte längre vidare} Bc6 {
Väntedrag. Nu vinner "allt" för vit, även pass.} 36. Nh3 {
Det var inte Kristiansunds helg.} (36. Qe6 {
är enklast. Det hotar Sg6+ följt av antingen Sf8+ eller Tf8+. Forcerad matt.})
36... Rxg2+ 37. Kh1 Rh2+ 38. Kg1 Rh1# 0-1